000 00310nam a2200145Ia 4500
003 RNL
008 090707b ii f a fnsan d
040 _aRCL
100 _aNeki, Jaswant Singh
245 _aGurmat Manovigyan
260 _aAmritsar
260 _bSingh Brothers
260 _c2009
942 _cBK
999 _c22711
_d22711